000 00344 a2200157 4500
001 186454
020 _a85-209-0839-X
040 _cMagnum
100 _aMachado, Angelo
240 1 0 _aO dilema do bicho-pau
_lpor
245 1 0 _aO dilema do bicho-pau
300 _a24
362 0 _a1997
697 _aLITERATURA INFANTO-JUVENIL
942 _cBK
999 _c186454
_d186454